El café y el desarrollo histórico - geográfico de Costa Rica /
Bewaard in:
| Hoofdauteur: | |
|---|---|
| Andere auteurs: | |
| Formaat: | Boek |
| Taal: | Spanish |
| Gepubliceerd in: |
San José, Costa Rica:
Editorial Costa Rica : Universidad Nacional
1976
|
| Onderwerpen: | |
| Tags: |
Voeg label toe
Geen labels, Wees de eerste die dit record labelt!
|
MARC
| LEADER | 00000nam a22000007a 4500 | ||
|---|---|---|---|
| 008 | 140808s1976 cr ababf |||| 001 0 spa d | ||
| 040 | |a CIICLA | ||
| 082 | |a 972.860.4 |b H178c | ||
| 100 | 1 | |a Hall, Carolyn | |
| 245 | 1 | 3 | |a El café y el desarrollo histórico - geográfico de Costa Rica / |c Carolyn Hall ; traducción al español revisado por Jesús Murillo Gutiérez |
| 260 | |a San José, Costa Rica: |b Editorial Costa Rica : Universidad Nacional |c 1976 | ||
| 300 | |a 208 páginas: |b ilustraciones, mapas | ||
| 650 | 1 | 7 | |a CAFE |x HISTORIA |
| 650 | 1 | 7 | |a POLITICA ECONOMICA |
| 651 | |a COSTA RICA | ||
| 700 | 1 | 2 | |a Murillo Gutiérrez, Jesús |j traducción |
| 942 | |2 ddc |c BK | ||
| 999 | |c 3389 |d 3389 | ||
